Biggest Cities in the Former Soviet Union - Statistics

General Stats
  • This quiz has been taken 2,078 times
    1,226 since last reset
  • The average score is 29 of 50
Answer Stats
Population Urban Area % Correct
13,010,112 Moscow
99%
5,601,911 Saint Petersburg
99%
2,952,301 Kyiv
97%
1,742,124 Minsk
92%
614,618 Riga
88%
2,277,500 Baku
83%
1,010,537 Odessa
83%
576,195 Vilnius
83%
1,211,789 Astana
81%
2,909,466 Tashkent
81%
1,202,731 Tbilisi
81%
1,421,125 Kharkiv
78%
1,092,800 Yerevan
77%
721,510 Lviv
75%
603,519 Vladivostok
75%
2,147,233 Almaty
74%
1,028,036 Volgograd
74%
1,074,075 Bishkek
72%
1,544,376 Yekaterinburg
72%
905,364 Donetsk
71%
1,228,199 Nizhny Novgorod
71%
1,142,162 Rostov-on-Don
70%
947,221 Ashgabat
67%
679,400 Dushanbe
67%
1,308,660 Kazan
67%
1,633,599 Novosibirsk
66%
968,502 Dnipro
63%
1,125,699 Omsk
62%
1,034,002 Perm
55%
1,173,299 Samara
55%
1,144,809 Ufa
55%
635,994 Chișinău
53%
1,189,525 Chelyabinsk
52%
1,099,344 Krasnodar
49%
617,264 Irkutsk
44%
1,187,771 Krasnoyarsk
39%
1,057,681 Voronezh
39%
901,361 Saratov
36%
722,713 Zaporizhzhia
30%
684,709 Tolyatti
26%
577,279 Yaroslavl
24%
847,488 Tyumen
21%
617,441 Khabarovsk
20%
612,750 Kryvyi Rih
19%
617,352 Ulyanovsk
19%
1,038,278 Shymkent
17%
623,472 Izhevsk
16%
623,254 Makhachkala
15%
630,877 Barnaul
12%
557,119 Kemerovo
8%
No matching quizzes found
Score Distribution
Percent of People with Each Score
Percentile by Number Answered
Your Score History
You have not taken this quiz since the last reset